MDQL
is popping MORE tags! Check the
thread
!
Quizzes
Events
Quiz Creation
Community
Videos
Private Events
Remove Ads
Sign In
Join for FREE
Feedback
Dark Mode
Quiz Categories
Sports
Geography
Music
Movies
Television
Just For Fun
Miscellaneous
History
Literature
Language
Science
Gaming
Entertainment
Religion
Holiday
For Kids
Quiz Lab
Recent
Popular Today
Quiz Kudos Today
Editor Picks
Curator Picks
Quizzes by...
Day
Popularity
Type
Ratings
Length
Year
Community
Subscriptions
Recent Discussions
Orange Saloon
Badges
Playlists
Quests
Create
Leaderboards
Showdown
Live 5
Trivia Bingo
Activity
Puzzle Library
Sporcle Events
Private Events
Virtual Trivia
Globe League
Become a Host
Pub Owners
SporcleCon
Opinionation
Our Games
Videos
Blog
Mobile Apps
Partnerships
Remove Ads and Go Orange
Feedback
Sports
Athletes
MLB
NBA
NHL
NFL
Soccer
Sports Teams
WWE
NCAA
Football
Premier League
Basketball
Baseball
Hockey
Golf
Tennis
Cricket
Rugby
Auto Racing
Olympics
World Cup
Sports
Athletes
MLB
NBA
NHL
NFL
Soccer
Sports Teams
WWE
NCAA
Football
Premier League
Basketball
Baseball
Hockey
Golf
Tennis
Cricket
Rugby
Auto Racing
Olympics
World Cup
Random Quiz
Search Sporcle
×
Quiz Lab
Quiz Lab
Sports
NHL
Type in answers that appear in a list
Type in answers that appear in a list
Classic
Best Score? Go Orange.
NHL 1st Overall Draft Picks Stats
Can you name the NHL 1st Overall Draft Picks?
By
HockeyGuru101
8m
55 Questions
180 Plays
180 Plays
180 Plays
Comments
Comments
Give Quiz Kudos
Give Quiz Kudos
-
- Ratings
hide this ad
More Info
Replay
Link that replays current quiz
Next Quiz
Link to next quiz in quiz playlist
You Got
0%
They Got
Avg Score
47%
Avg Friend Score
Upgrade to see
Score Distribution
Jump to the score distribution portion of the page
Score
0/55
Timer
08:00
0
Plays Today
Year
Name
% Correct
2015*
Connor McDavid
99.1%
2005*
Sidney Crosby
97.2%
2007*
Patrick Kane
96.1%
2004*
Alexander Ovechkin
95%
2008*
Steven Stamkos
95%
2010*
Taylor Hall
94.4%
2016*
Auston Matthews
93.6%
2009*
John Tavares
93.3%
2013*
Nathan MacKinnon
90.2%
2003*
Marc-Andre Fleury
90%
2011*
Ryan Nugent-Hopkins
89.4%
2014*
Aaron Ekblad
89%
2002*
Rick Nash
88.3%
2012*
Nail Yakupov
87.5%
2006*
Erik Johnson
82.8%
2001
Ilya Kovalchuk
80.6%
2017*
Nico Hischier
79.4%
2000
Rick DiPietro
76.1%
1997*
Joe Thornton
75%
1998
Vincent Lecavalier
72.2%
1991
Eric Lindros
66.1%
1984
Mario Lemieux
64.4%
1988
Mike Modano
61.7%
1989
Mats Sundin
61.1%
1999
Patrik Stefan
56.7%
1993
Alexandre Daigle
53.9%
1985
Wendel Clark
52.8%
1971
Guy Lafleur
51.1%
Year
Name
% Correct
1996
Chris Phillips
45%
1990
Owen Nolan
41.7%
1994
Ed Jovanovski
40.6%
1995
Bryan Berard
37.8%
1973
Denis Potvin
37.2%
1992
Roman Hamrlik
36.1%
1978
Bobby Smith
35%
1987
Pierre Turgeon
31.7%
1970
Gilbert Perreault
31.1%
1980
Doug Wickenheiser
25%
1986
Joe Murphy
23.9%
1983
Brian Lawton
22.8%
1982
Gord Kluzak
20%
1979
Rob Ramage
18.9%
1981
Dale Hawerchuck
18.9%
1976
Rick Green
15.6%
1963
Gary Monahan
15%
1974
Greg Joly
15%
1969
Rejean Houle
12.8%
1972
Billy Harris
12.8%
1975
Mel Bridgman
12.2%
1977
Dale McCourt
11.7%
1968
Michael Plasse
5.6%
1964
Claude Gauthier
5%
1966
Barry Gibbs
5%
1965
Andre Veilleux
4.4%
1967
Rick Pagnutti
4.4%
Quiz Playlist
Details
Report
Send in Message
Add To Playlist
More Info:
*Active Player
Classic:
Type in answers that appear in a list
Last Updated: Sep 8, 2017
Quiz Scoreboard
CHALLENGE
Sign Up to Join the Scoreboard
Show All
Scores
Hide
Comments
May contain spoilers
Recently Published
Image Sorting: Flags VI
by Barbecue
Geography
2m
Find the 'City' Movie
by crazypaving
Movies
60s
Colored Red Africa Blitz
by spor1
Geography
45s
More to Explore
Quiz From the Vault
Featured Blog Post
14 Easter Pick-up Lines to Find Eggs With
hide this ad
You Might Also Like...
Tags
NHL Quiz
Draft
Overall
picks
Today's Top Quizzes in Sports
Browse Sports
hide this ad
Today's Top Quizzes in NHL
Browse NHL
Top Contributed Quizzes in Sports
1
Les meilleurs buteurs des matchs entre le PSG et l’OM
2
Les entraîneurs de l'OM et du PSG au 21e siècle
3
2022 World Cup Stars
4
Les joueurs passés par le PSG et l'OM
5
Players with Multiple 50 Home Run Seasons
6
Criteria MLB: Left Handed Sluggers
7
FIFA Club World Cup Champions
8
Les joueurs passés par le LOSC et le RC Lens
9
NBA Logic Puzzle 2.0
10
Top 10 NHL Goal Scorers of All Time
Explore More
Trending Topics
Marvel
Anime
Harry Potter
NBA
Disney
Kpop
Crossword
Soccer
Country
Puzzle
Pokémon
The Office
NFL
Song
WWE
hide this ad
More By:
HockeyGuru101
Quiz
Plays
Rating
Category
Featured
Created
NBA Team Captains
4,067
3.45
Sports
Aug 17, 2013
2013/14 New York Rangers
564
Sports
Aug 21, 2012
NBA Teams That Have Never Won a Championship
517
2.00
Sports
Dec 26, 2011
2011-2012 New York Rangers
458
4.50
Sports
Nov 28, 2011
2014/15 MLB Free Agents
428
2.00
Sports
Nov 28, 2014
Go to Creator's Profile
Score Distribution
Quiz Creator Spotlight
HockeyGuru101
Follow
Send a Message
Quizzes Created
-
Created Quiz Play Count
-
More By This Creator
Popular Quizzes Today
1
Colored Red Africa Blitz
2
Find the US States - No Outlines Minefield
3
Find the 'City' Movie
4
5x2 Blitz: Bands
5
The Countries of the World
6
Find the US States
7
Find the Countries of Europe - No Outlines Minefield
8
US States
More Sports Quizzes
Jaap Stam's clubs
Quiz Lab
Trending Quizzes
Colored Red Europe Blitz I
Colored Red Europe Blitz II
Colored Red Africa Blitz II
Colored Red Europe Blitz III
Colored Red Africa Blitz III
Recently Updated
How Do You Spell That?
pecheneg
Godzilla Movies
pecheneg
Grab Bag: 4-10 Letters
pecheneg
2024 March Madness Bracket
pecheneg
Famous TV Couples
Peacemaker
Champions League XIs: Real Madrid
pecheneg
Largest US Cities 1790-2010
pecheneg
Rides in Walt Disney World
pecheneg
Most Oscar Losses (Acting)
pecheneg
Beyoncé Albums
pecheneg
Trending Topics
Harry Potter
Marvel
Kpop
Anime
Crossword
NBA
Disney
NFL
Country
Pokémon
The Office
WWE
Soccer
Puzzle
Song
Your Account Isn't Verified!
In order to create a playlist on Sporcle, you need to verify the email address you used during registration. Go to your
Sporcle Settings
to finish the process.
Report this User
Report this user for behavior that violates our
Community Guidelines
.
Details:
Send Report
Go to the Sporcle.com Mobile Site →
Comments